LEADER 00683nam a2200193 i 4500 001 000000226039 003 CaOOAMICUS 005 20140103000000.0 008 140103s1908 it u000 u ita u 013 $a204941 040 $aSeMil$bita 245 10$aFonologia e morfologia. 300 $a138 p. 500 $aContiene : Appendice. 700 1 $aBoatti, Abele.$0(OLS)http://semarc/name/13372 773 0 $aBoatti, Abele$tGrammatica del Greco del Nuovo Testamento.$dTrento : Monauni, 1908.$gParte1$w()29311 850 $aSeMil 852 $aSeMil$W1$xVenegono$y1$m2W III 163$j176385$B176385$CSeMilBibl$Z2$F186922 $81 996 $6245$aFonologia e morfologia$9(OLS)http://semarc/title/323696 LEADER 01030nam a2200265 i 4500 001 000000115066 003 CaOOAMICUS 005 20030512000000.0 008 030512s1993 it u000 u ita u 013 $a87754 020 $a88-04-38022-5 040 $aSeMil$bita 100 1 $aMaupassant, Guy : de,$d<1850-1893>.$0(OLS)http://semarc/name/8910 245 10$aPierre e Jean /$cGuy de Maupassant ; a cura di Arnaldo Colasanti. 260 $aMilano :$bMondadori,$c1993. 300 $a158 p. ;$c19 cm. 490 0 $aOscar classici ;$v274 700 1 $aColasanti, Arnaldo.$0(OLS)http://semarc/name/48080 830 0$aOscar classici ;$v274.$0(OLS)http://semarc/title/11954 850 $aSeMil 852 $aSeMil$W1$xVenegono$y1$m1V I 5$j70603$B70603$CSeMilBibl$Z2$F84816 $81 961 $aOmaggio: Ghiringhelli prof. Livio 996 $6020$a88-04-38022-5$9(OLS)http://semarc/number/98679 996 $6245$aPierre e Jean$9(OLS)http://semarc/title/168400 996 $6260$aMilano :$bMondadori$9(OLS)http://semarc/publisher/30335